| 000 | 00664nam a2200217 u 4500 | ||
|---|---|---|---|
| 005 | 20230425063531.0 | ||
| 008 | 190925s1993 mx r 000 0 spa d | ||
| 035 | _aUPN01000233108 | ||
| 040 |
_aMX-MxUPN _bspa _cMX-MxUPN |
||
| 041 | 0 | _aspa | |
| 050 | 4 |
_aRJ506 A9 _bC66 1993 |
|
| 111 | 2 |
_948741 _aCongreso Nacional de Autismo _n(3 : _d1993 : _cMéxico, D.F.) |
|
| 245 | 0 | 0 |
_a3er Congreso Nacional de Autismo : _bmemorias |
| 260 |
_aMéxico, D.F. : _bSociedad Mexicana de Autismo, _c1993. |
||
| 300 | _a81 páginas | ||
| 650 | 2 |
_aAutismo _vCongresos _9358 |
|
| 902 | _bNoemiAcosta/240423 | ||
| 905 | _aLibro | ||
| 942 |
_n0 _2lcc _cLIBRO |
||
| 999 |
_c205203 _d205203 |
||